00237nam a2200097Ia 4500100001600000654002100016245004300037260003900080300000800119546001200127 aBali/ S.P.  aColor Television aColour television :Theory and practice bTata Mc Graw hillaNew Delhic1994 a535 aENGLISH